| 000 | 00761cam a22002292 4500 | ||
|---|---|---|---|
| 001 | 0000002187 | ||
| 005 | 20151217151843.0 | ||
| 008 | 070404s xx 000 0 eng d | ||
| 020 |
_a8178080257 : _cKES 815 |
||
| 040 |
_aKABU _cKABU |
||
| 050 | 0 |
_aHF5415.13 _b.A43 2000 |
|
| 100 | 1 |
_aAmbler, Tim. _@0000151455 |
|
| 245 | 1 | 4 |
_aThe Silk road to international marketing : _bprofit and passion in global business / _cTim Ambler. |
| 260 |
_aLondon : _bFinancial Times/Prentice-Hall, _c2000. |
||
| 300 | _a223 p. | ||
| 650 | 0 |
_aExport marketing. _@0000151331 |
|
| 700 | 1 |
_aStyles, Chris. _@0000151456 |
|
| 908 | _a070404 | ||
| 950 | _@1 | ||
| 999 |
_c5692 _d5692 |
||